Central Library OPAC University of Rajshahi

The conservation of wild life and natural habitats in Central and East Africa : (Record no. 66016)

MARC details
000 -LEADER
fixed length control field 00767cam a2200229 a 4500
001 - CONTROL NUMBER
control field 66016
003 - CONTROL NUMBER IDENTIFIER
rucl marc code BD-RjUL
005 - DATE AND TIME OF LATEST TRANSACTION
control field 20211209081506.0
008 - FIXED-LENGTH DATA ELEMENTS--GENERAL INFORMATION
fixed length control field 170313s1961 fr ao 000 0 eng S
035 ## - SYSTEM CONTROL NUMBER
System control number (BD-RjUL)66146
System control number 2024515
040 ## - CATALOGING SOURCE
Original cataloging agency DUP:J
Language of cataloging eng
Transcribing agency DUP:J
Modifying agency DUP:J
-- (BD-RjUL)
041 ## - LANGUAGE CODE
Language code of text/sound track or separate title eng
082 00 - DEWEY DECIMAL CLASSIFICATION NUMBER
Edition number 23
Classification number 333.95416
Author mark and year HUC 1961
100 1# - MAIN ENTRY--PERSONAL NAME
Personal name Huxley, Julian,
9 (RLIN) 195278
245 14 - TITLE STATEMENT
Title The conservation of wild life and natural habitats in Central and East Africa :
Remainder of title Report on a mission accomplished for UNESCO, July-September 1960 /
Statement of responsibility, etc. Julian, Huxley.
260 ## - PUBLICATION, DISTRIBUTION, ETC. (IMPRINT)
Place of publication, distribution, etc. Paris :
Name of publisher, distributor, etc. UNESCO,
Date of publication, distribution, etc. 1961.
300 ## - PHYSICAL DESCRIPTION
Pagination 113p. :
Illustrations ill. ;
Size 19 cm.
504 ## - BIBLIOGRAPHY, ETC. NOTE
Bibliography, etc Bibliography: p. 110-113
650 #0 - SUBJECT ADDED ENTRY--TOPICAL TERM
Topical term or geographic name as entry element Conservation of Wildlife
Geographic subdivision Africa.
9 (RLIN) 195279
942 ## - ADDED ENTRY ELEMENTS (KOHA)
Source of classification or shelving scheme Dewey Decimal Classification
Koha item type Books
Holdings
Lost status Source of classification or shelving scheme Damaged status Not for loan Collection code Permanent Location Current Location Shelving location Date acquired Total Checkouts Full call number Date last seen Copy number Koha item type
  Dewey Decimal Classification   Not For Loan Non-fiction Central Library, University of Rajshahi Central Library, University of Rajshahi Reading Room 13/03/2017   333.95416 HUC 1961 13/03/2017 C-1 Books